| 000 | 00409nam a2200157 4500 | ||
|---|---|---|---|
| 003 | OSt | ||
| 082 |
_a631.587 _bAMR/DE |
||
| 088 | _aT 642 | ||
| 100 | _aAmrutha K | ||
| 245 | _aDevelopment of an IoT based automated aeroponic system / | ||
| 260 |
_aTavanur : _bDepartment of Soil & Water Conservation Engineering, _c2025. |
||
| 300 | _a164 p. | ||
| 650 |
_aAeroponics _97476 |
||
| 700 | _aJinu A | ||
| 942 | _cTH | ||
| 999 |
_c19466 _d19466 |
||